កំរងរឿងនិទានអប់រំសម្រាប់កុមារ​ ៧ / (Record no. 9391)

MARC details
000 -LEADER
fixed length control field 01448nam a22003017a 4500
001 - CONTROL NUMBER
control field 9391
003 - CONTROL NUMBER IDENTIFIER
control field FISKH
005 - DATE AND TIME OF LATEST TRANSACTION
control field 20251218114811.0
008 - FIXED-LENGTH DATA ELEMENTS--GENERAL INFORMATION
fixed length control field 251218b cb ||||| |||| 00| 0 eng d
020 ## - INTERNATIONAL STANDARD BOOK NUMBER
International Standard Book Number 9789995001483
040 ## - CATALOGING SOURCE
Original cataloging agency FISKH
Language of cataloging khr
Transcribing agency FISKH
Modifying agency FISKH
082 ## - DEWEY DECIMAL CLASSIFICATION NUMBER
Classification number 895.93
100 ## - MAIN ENTRY--PERSONAL NAME
Personal name Sakal , Ngoun
245 ## - TITLE STATEMENT
Title កំរងរឿងនិទានអប់រំសម្រាប់កុមារ​ ៧ /
Statement of responsibility, etc. អ្នកនិពន្ធ អ្នកស្រី ងួន សាកល , អ្នករៀបរៀង លោក អ៊ាន ភាង , អ្នករចនាទំព័រ លោក ហ៊ុយ វណ្ណថេន
250 ## - EDITION STATEMENT
Edition statement បោះពុម្ពលើកទី១ ឆ្នាំ ២០១២
260 ## - PUBLICATION, DISTRIBUTION, ETC.
Place of publication, distribution, etc. ភ្នំពេញ :
Name of publisher, distributor, etc. គ្រឹះស្ថានបោះពុម្ពនិងចែកផ្សាយ ,
Date of publication, distribution, etc. 2012 .
300 ## - PHYSICAL DESCRIPTION
Extent 16 pages :
Other physical details color illustrations ;
Dimensions 17 X 18 cm .
505 ## - FORMATTED CONTENTS NOTE
Formatted contents note N <br/>
520 ## - SUMMARY, ETC.
Summary, etc. រឿង ថង់ចម្លែក និង រឿង ងងុយដេក
520 ## - SUMMARY, ETC.
Summary, etc. Strange plastic and sleepy
521 8# - TARGET AUDIENCE NOTE
Target audience note 580 <br/>
Source Lexile estimate <br/>
521 8# - TARGET AUDIENCE NOTE
Target audience note N <br/>
Source Raz-Plus <br/>
650 ## - SUBJECT ADDED ENTRY--TOPICAL TERM
Topical term or geographic name entry element ថង់ចម្លែក ,​ ងងុយដេក​
Form subdivision រឿងនិទានកុមារ​
650 ## - SUBJECT ADDED ENTRY--TOPICAL TERM
Topical term or geographic name entry element Strange plastic , sleepy
Form subdivision Children's Stories
700 ## - ADDED ENTRY--PERSONAL NAME
Personal name Visal , Seng
Relator term Illustrator
942 ## - ADDED ENTRY ELEMENTS (KOHA)
Source of classification or shelving scheme Dewey Decimal Classification
Koha item type Khmer Books
Suppress in OPAC No
Holdings
Withdrawn status Lost status Source of classification or shelving scheme Damaged status Not for loan Collection Home library Current library Shelving location Date acquired Total Checkouts Full call number Barcode Date last seen Copy number Price effective from Koha item type
    Dewey Decimal Classification     Khmer Language Books / សៀវភៅភាសាខ្មែរ Footprints International School Library Network Toul Tom Poung Campus Footprints International School Library Network Toul Tom Poung Campus TTP Primary Khmer Bookshelves 12/18/2025   SAK 895.93 FIS01232 12/18/2025 1 12/18/2025 Khmer Books
    Dewey Decimal Classification     Khmer Language Books / សៀវភៅភាសាខ្មែរ Footprints International School Library Network Toul Tom Poung Campus Footprints International School Library Network Toul Tom Poung Campus TTP Primary Khmer Bookshelves 01/06/2026   SAK 895.93 FIS02547 01/06/2026 2 01/06/2026 Khmer Books